[Event "Bucharest Super Rapid op"]
[Site "Bucharest"]
[Date "2022.04.30"]
[Round "4"]
[White "Bizovi, Mihai"]
[Black "Tomici, Stefan"]
[Result "0-1"]
[WhiteElo "2230"]
[BlackElo "2268"]
[PlyCount "45"]
[EventDate "2022.04.30"]
[EventType "swiss (rapid)"]
[EventRounds "10"]
[EventCountry "ROU"]
[SourceTitle "CBM 208 Extra"]
[Source "ChessBase"]
[SourceDate "2022.07.31"]
[SourceVersion "1"]
[SourceVersionDate "2022.07.31"]
[SourceQuality "1"]

1. d4 e6 2. c4 Bb4+ 3. Nc3 Nf6 4. e3 0-0 5. Nge2 b6 6. a3 Bxc3+ 7. Nxc3 Bb7 8. Bd3 d6 9. 0-0 Nbd7 10. b4 c5 11. dxc5 dxc5 12. b5 Qe7 13. f3 Rad8 14. Qc2 Ne5 15. Be2 Ng6 16. Bb2 Qd6 17. Rad1 Qc7 18. a4 Rxd1 19. Nxd1 Rd8 20. Bc3 Ne8 21. Nf2 Nd6 22. Bd3 Qe7 23. a5 0-1

[Event "Avoine op 29th"]
[Site "Avoine"]
[Date "2014.07.24"]
[Round "6"]
[White "Bizovi, Mihai"]
[Black "Roussel, Glenn"]
[Result "1/2-1/2"]
[WhiteElo "2157"]
[BlackElo "1930"]
[PlyCount "87"]
[EventDate "2014.07.19"]
[EventType "swiss"]
[EventRounds "9"]
[EventCountry "FRA"]
[SourceTitle "CBM 161 Extra"]
[Source "ChessBase"]
[SourceDate "2014.08.29"]
[SourceVersion "1"]
[SourceVersionDate "2014.08.29"]
[SourceQuality "1"]

1. d4 Nf6 2. c4 c5 3. d5 b5 4. cxb5 a6 5. bxa6 g6 6. Nc3 Bxa6 7. e4 Bxf1 8. Kxf1 d6 9. Nf3 Nbd7 10. g3 Bg7 11. Kg2 0-0 12. a4 Ra6 13. Ra3 Qa8 14. Re1 Rb8 15. Nb5 Ne8 16. Qc2 Rb7 17. Bd2 Nc7 18. Nxc7 Rxc7 19. Bc3 Rb7 20. Bxg7 Kxg7 21. Rea1 Rb4 22. Nd2 f5 23. f3 Ne5 24. R1a2 Ra5 25. Nf1 Rc4 26. Rc3 Rcxa4 27. Rxa4 Rxa4 28. exf5 Rb4 29. Ne3 Qb7 30. b3 c4 31. Nxc4 Qxd5 32. Nxe5 Qxe5 33. fxg6 hxg6 34. Rc7 d5 35. Qc3 Qxc3 36. Rxc3 Kf6 37. Kf2 d4 38. Rd3 Ke5 39. Ke2 Rb8 40. h4 Kd5 41. Kd1 Rc8 42. Ke2 Rc1 43. Rd1 Rc3 44. Rd3 1/2-1/2

[Event "Avoine op 29th"]
[Site "Avoine"]
[Date "2014.07.22"]
[Round "4"]
[White "Bizovi, Mihai"]
[Black "Durand Le Ludec, Brendan Bubok"]
[Result "1-0"]
[WhiteElo "2157"]
[BlackElo "1983"]
[PlyCount "97"]
[EventDate "2014.07.19"]
[EventType "swiss"]
[EventRounds "9"]
[EventCountry "FRA"]
[SourceTitle "CBM 161 Extra"]
[Source "ChessBase"]
[SourceDate "2014.08.29"]
[SourceVersion "1"]
[SourceVersionDate "2014.08.29"]
[SourceQuality "1"]

1. d4 Nf6 2. c4 e6 3. Nc3 d5 4. cxd5 exd5 5. Bg5 Be7 6. e3 c6 7. Bd3 0-0 8. Nf3 Nbd7 9. h3 Re8 10. 0-0 Nf8 11. Qc2 Ng6 12. Bxf6 Bxf6 13. b4 a6 14. Rab1 Be7 15. Na4 Bd6 16. Rfc1 Rb8 17. Bf5 Bxf5 18. Qxf5 Re6 19. Nc5 Re7 20. a4 Nf8 21. Qd3 Bxc5 22. bxc5 Qa5 23. Nd2 Qc7 24. Rb4 Qc8 25. Rcb1 g6 26. R1b2 Kg7 27. Qb1 f5 28. Nf3 Ne6 29. Rb6 f4 30. Rxa6 Ra8 31. Rxa8 Qxa8 32. Qc2 Qa5 33. Rb1 Kf6 34. e4 dxe4 35. Qxe4 Qc7 36. Qd3 Rd7 37. Re1 Rd5 38. Qe4 Ng5 39. Nxg5 Kxg5 40. Qe8 Qg7 41. Re7 Qxd4 42. Rxh7 Qxc5 43. h4+ Kf5 44. Rf7+ Kg4 45. Qe6+ Kxh4 46. Qxg6 Qc1+ 47. Kh2 Rg5 48. Rh7+ Kg4 49. f3# 1-0

[Event "Avoine op 29th"]
[Site "Avoine"]
[Date "2014.07.20"]
[Round "2"]
[White "Godart, Francois"]
[Black "Bizovi, Mihai"]
[Result "1-0"]
[WhiteElo "2399"]
[BlackElo "2157"]
[PlyCount "51"]
[EventDate "2014.07.19"]
[EventType "swiss"]
[EventRounds "9"]
[EventCountry "FRA"]
[SourceTitle "CBM 161 Extra"]
[Source "ChessBase"]
[SourceDate "2014.08.29"]
[SourceVersion "1"]
[SourceVersionDate "2014.08.29"]
[SourceQuality "1"]

1. Nc3 e6 2. e4 d5 3. Nf3 Nf6 4. e5 Nfd7 5. d4 c5 6. dxc5 Nc6 7. Bf4 Bxc5 8. Bd3 f6 9. exf6 Nxf6 10. 0-0 0-0 11. Bg3 a6 12. a3 Bd7 13. b4 Be7 14. Ne5 Rc8 15. Nxc6 Rxc6 16. Ne2 Ne4 17. Nd4 Rc3 18. Bxe4 dxe4 19. Qe1 Rc4 20. Qxe4 Bf6 21. Rfd1 Qb6 22. Be5 Ba4 23. Qe2 Rxd4 24. Rxd4 Bxc2 25. Rd6 Qb5 26. Qxb5 1-0

[Event "Agneaux St Lo op 16th"]
[Site "Agneaux"]
[Date "2014.07.12"]
[Round "8"]
[White "Bizovi, Mihai"]
[Black "Sieciechowicz, Marcin"]
[Result "0-1"]
[WhiteElo "2157"]
[BlackElo "2438"]
[PlyCount "100"]
[EventDate "2014.07.06"]
[EventType "swiss"]
[EventRounds "9"]
[EventCountry "FRA"]
[SourceTitle "EXT 2015"]
[Source "ChessBase"]
[SourceDate "2014.11.20"]
[SourceVersion "1"]
[SourceVersionDate "2014.11.20"]
[SourceQuality "1"]

1. d4 Nf6 2. c4 g6 3. Nc3 d5 4. cxd5 Nxd5 5. e4 Nxc3 6. bxc3 Bg7 7. Nf3 c5 8. Be3 Bg4 9. Rc1 Qa5 10. Qd2 0-0 11. d5 Bxf3 12. gxf3 c4 13. h4 h5 14. f4 Nd7 15. Bd4 Nf6 16. f3 Qc7 17. Be5 Qc5 18. Bd4 Qc7 19. Be5 Qc5 20. Bd4 Qb5 21. Bh3 Kh7 22. f5 Rad8 23. fxg6+ fxg6 24. Rg1 Bh6 25. Qg2 Rg8 26. Rd1 Bf4 27. Be6 Rg7 28. Bf7 Kh8 29. e5 Nxd5 30. e6 Nf6 31. Qe2 Qf5 32. Rxg6 Rxd4 33. Rxd4 Rxg6 34. Bxg6 Qxg6 35. Rxc4 Qg1+ 36. Qf1 Qh2 37. Qd3 Qxh4+ 38. Kd1 Qh1+ 39. Kc2 Qc1+ 40. Kb3 Bd6 41. Ra4 a6 42. f4 Qh1 43. Rc4 Qd5 44. Qxd5 Nxd5 45. Rd4 Nf6 46. Ka4 Kg7 47. f5 Kh6 48. Ka5 Bc7+ 49. Kb4 Kg5 50. Rd1 h4 0-1

[Event "Agneaux St Lo op 16th"]
[Site "Agneaux"]
[Date "2014.07.09"]
[Round "5"]
[White "Vitalyos, Marton"]
[Black "Bizovi, Mihai"]
[Result "0-1"]
[WhiteElo "2046"]
[BlackElo "2157"]
[PlyCount "82"]
[EventDate "2014.07.06"]
[EventType "swiss"]
[EventRounds "9"]
[EventCountry "FRA"]
[SourceTitle "EXT 2015"]
[Source "ChessBase"]
[SourceDate "2014.11.20"]
[SourceVersion "1"]
[SourceVersionDate "2014.11.20"]
[SourceQuality "1"]

1. Nf3 e6 2. d4 f5 3. g3 Nf6 4. Bg2 c6 5. 0-0 d5 6. b3 Bd6 7. Nbd2 0-0 8. Ne5 Nbd7 9. Nd3 e5 10. dxe5 Nxe5 11. Bb2 Ng6 12. Bd4 f4 13. e4 dxe4 14. Bxf6 Rxf6 15. Nxe4 Rf8 16. Nxd6 Qxd6 17. Nxf4 Qxd1 18. Raxd1 Nxf4 19. gxf4 Bg4 20. f3 Bf5 21. Rfe1 Kf7 22. Bf1 Rad8 23. Bc4+ Kf6 24. Bd3 Bxd3 25. Rxd3 Rxd3 26. cxd3 Rd8 27. Re3 Rd4 28. Kf2 Rxf4 29. Re4 Rf5 30. Rd4 Ke6 31. Rh4 h6 32. Rg4 g5 33. Ke3 Re5+ 34. Re4 c5 35. f4 Rxe4+ 36. Kxe4 gxf4 37. Kxf4 Kd5 38. h4 Kd4 39. Kf5 Kxd3 40. Kg6 b5 41. Kxh6 c4 0-1

[Event "Agneaux St Lo op 16th"]
[Site "Agneaux"]
[Date "2014.07.08"]
[Round "4"]
[White "Bizovi, Mihai"]
[Black "Poley, Vladimir"]
[Result "0-1"]
[WhiteElo "2157"]
[BlackElo "2279"]
[PlyCount "80"]
[EventDate "2014.07.06"]
[EventType "swiss"]
[EventRounds "9"]
[EventCountry "FRA"]
[SourceTitle "EXT 2015"]
[Source "ChessBase"]
[SourceDate "2014.11.20"]
[SourceVersion "1"]
[SourceVersionDate "2014.11.20"]
[SourceQuality "1"]

1. d4 g6 2. c4 Bg7 3. e4 d6 4. Nc3 Nd7 5. Bg5 f6 6. Be3 e5 7. Nf3 Nh6 8. c5 exd4 9. Nxd4 Nxc5 10. b4 Ne6 11. Bb5+ Kf8 12. Bc4 Nxd4 13. Bxd4 c6 14. 0-0 Qe7 15. b5 Nf7 16. bxc6 bxc6 17. Rb1 Nd8 18. Re1 Be6 19. Nd5 Qf7 20. Qa4 cxd5 21. exd5 Bf5 22. Rb2 Kg8 23. Rbe2 Bf8 24. Qa6 h5 25. Re8 Bd7 26. R8e6 Bxe6 27. dxe6 Qe7 28. Bxf6 Qxf6 29. e7+ Nf7 30. e8Q Rxe8 31. Rxe8 Kg7 32. Re6 Qa1+ 33. Bf1 Qd4 34. h4 Ne5 35. Qc8 Ng4 36. Qc7+ Kh6 37. Qc1+ Kh7 38. Qc7+ Bg7 39. Qf7 Ne5 40. Qe7 Rf8 0-1

[Event "Agneaux St Lo op 16th"]
[Site "Agneaux"]
[Date "2014.07.07"]
[Round "3"]
[White "Zuiderweg, Hiddo"]
[Black "Bizovi, Mihai"]
[Result "0-1"]
[WhiteElo "2010"]
[BlackElo "2157"]
[PlyCount "46"]
[EventDate "2014.07.06"]
[EventType "swiss"]
[EventRounds "9"]
[EventCountry "FRA"]
[SourceTitle "EXT 2015"]
[Source "ChessBase"]
[SourceDate "2014.11.20"]
[SourceVersion "1"]
[SourceVersionDate "2014.11.20"]
[SourceQuality "1"]

1. e4 c5 2. Nf3 e6 3. c3 d5 4. exd5 exd5 5. d4 Nc6 6. Be2 Bd6 7. 0-0 Nf6 8. dxc5 Bxc5 9. Nbd2 0-0 10. Nb3 Bb6 11. Bg5 Re8 12. Qc2 h6 13. Bh4 g5 14. Bg3 Ne4 15. Rad1 Bf5 16. Bd3 Rc8 17. Qb1 Qf6 18. Rfe1 h5 19. Nfd4 h4 20. f3 Nxd4 21. cxd4 Bxd4+ 22. Kf1 hxg3 23. hxg3 Nxg3# 0-1

[Event "MDA-ch"]
[Site "Kishinev"]
[Date "2014.02.12"]
[Round "3"]
[White "Ogleznev, Alexandr"]
[Black "Bizovi, Mihai"]
[Result "1-0"]
[WhiteElo "2259"]
[BlackElo "2169"]
[PlyCount "82"]
[EventDate "2014.02.10"]
[EventType "tourn"]
[EventRounds "11"]
[EventCountry "MDA"]
[SourceTitle "CBM 158 Extra"]
[Source "ChessBase"]
[SourceDate "2014.02.28"]
[SourceVersion "1"]
[SourceVersionDate "2014.02.28"]
[SourceQuality "1"]

1. Nf3 d5 2. c4 d4 3. d3 f6 4. g3 e5 5. Bg2 c5 6. 0-0 Ne7 7. a3 Nec6 8. e3 a5 9. b3 Bg4 10. Ra2 Be7 11. h3 Be6 12. exd4 cxd4 13. Ne1 0-0 14. f4 Qd7 15. Kh2 Na6 16. Raf2 exf4 17. gxf4 Bd6 18. Nd2 f5 19. Ndf3 h6 20. Nc2 Bc7 21. Re2 Bf7 22. Kh1 Rab8 23. Rg1 b5 24. Ne5 Nxe5 25. fxe5 Bh5 26. Bxh6 Bxe5 27. Bd5+ Kh7 28. Qe1 Bxe2 29. Qxe2 Qd6 30. Bg5 g6 31. Qf2 Rh8 32. Nxd4 Rbf8 33. Ne6 bxc4 34. Nxf8+ Qxf8 35. bxc4 Kg7 36. Qe3 Qb8 37. Re1 Nc5 38. Qxe5+ Qxe5 39. Rxe5 Rxh3+ 40. Kg2 Rxd3 41. Re7+ Kf8 1-0

[Event "Avoine op 28th"]
[Site "Avoine"]
[Date "2013.07.27"]
[Round "8"]
[White "Kambrath, Yannick"]
[Black "Bizovi, Mihai"]
[Result "1-0"]
[WhiteElo "2267"]
[BlackElo "2137"]
[PlyCount "103"]
[EventDate "2013.07.20"]
[EventType "swiss"]
[EventRounds "9"]
[EventCountry "FRA"]
[SourceTitle "CBM 155 Extra"]
[Source "ChessBase"]
[SourceDate "2013.08.26"]
[SourceVersion "1"]
[SourceVersionDate "2013.08.26"]
[SourceQuality "1"]

1. d4 Nf6 2. c4 g6 3. Nc3 Bg7 4. e4 d6 5. Be2 0-0 6. Nf3 e5 7. 0-0 Nc6 8. d5 Ne7 9. Ne1 Nd7 10. Nd3 f5 11. Bd2 Nf6 12. f3 f4 13. c5 g5 14. cxd6 cxd6 15. Nf2 Ng6 16. Qc2 Rf7 17. Rfc1 h5 18. h3 Bf8 19. Nb5 Ne8 20. a4 a6 21. Na3 g4 22. fxg4 Nh4 23. Qd1 Rg7 24. Rc3 Nf6 25. Nc4 hxg4 26. hxg4 Nxg2 27. Rh3 f3 28. Bxf3 Nf4 29. Bxf4 exf4 30. Qe2 Nxg4 31. Nxg4 Qg5 32. Kf2 Bxg4 33. Bxg4 Qxg4 34. Qxg4 Rxg4 35. Kf3 Rg6 36. a5 Bg7 37. Rah1 Rf8 38. R1h2 Be5 39. Rg2 Rxg2 40. Kxg2 Kg7 41. Kf3 Kg6 42. Kg4 Rf6 43. Rb3 Kh6 44. Nxe5 dxe5 45. Kf3 Rg6 46. Kf2 Rg7 47. Rb6+ Kh5 48. Re6 Kg4 49. Rxe5 Rc7 50. d6 Rc2+ 51. Ke1 Kf3 52. d7 1-0

[Event "Varna op 7th"]
[Site "Varna"]
[Date "2013.06.25"]
[Round "7"]
[White "Dimov, Danail"]
[Black "Bizovi, Mihai"]
[Result "0-1"]
[WhiteElo "1905"]
[BlackElo "2137"]
[PlyCount "64"]
[EventDate "2013.06.19"]
[EventType "swiss"]
[EventRounds "9"]
[EventCountry "BUL"]
[SourceTitle "CBM 155 Extra"]
[Source "ChessBase"]
[SourceDate "2013.08.26"]
[SourceVersion "1"]
[SourceVersionDate "2013.08.26"]
[SourceQuality "1"]

1. Nf3 c5 2. b3 Nc6 3. Bb2 d5 4. e3 e6 5. d4 Nf6 6. Bd3 Be7 7. Nbd2 0-0 8. a3 Bd7 9. 0-0 Be8 10. Ne5 Nd7 11. f4 f6 12. Nef3 Rc8 13. Qe2 a6 14. c4 Bf7 15. Rac1 Qb6 16. Rb1 Rfd8 17. Qf2 Nf8 18. cxd5 exd5 19. f5 Qa7 20. Kh1 b5 21. dxc5 Bxc5 22. Nd4 Ne5 23. Be2 Qe7 24. Ra1 Re8 25. Rfe1 Bd6 26. h3 Nfd7 27. Ne6 Bxe6 28. fxe6 Qxe6 29. Nf3 Nc5 30. Nxe5 Bxe5 31. Bg4 f5 32. Bxe5 fxg4 0-1

[Event "Varna op 7th"]
[Site "Varna"]
[Date "2013.06.23"]
[Round "5"]
[White "Lilov, Valeri"]
[Black "Bizovi, Mihai"]
[Result "1-0"]
[WhiteElo "2434"]
[BlackElo "2137"]
[PlyCount "99"]
[EventDate "2013.06.19"]
[EventType "swiss"]
[EventRounds "9"]
[EventCountry "BUL"]
[SourceTitle "CBM 155 Extra"]
[Source "ChessBase"]
[SourceDate "2013.08.26"]
[SourceVersion "1"]
[SourceVersionDate "2013.08.26"]
[SourceQuality "1"]

1. c4 g6 2. Nc3 Bg7 3. g3 c5 4. Bg2 Nc6 5. d3 e6 6. e4 Nge7 7. Nge2 0-0 8. 0-0 d6 9. Be3 Nd4 10. Qd2 Nec6 11. h3 Rb8 12. Kh1 a6 13. Bh6 b5 14. Bxg7 Kxg7 15. f4 b4 16. Nd1 Nxe2 17. Qxe2 Nd4 18. Qd2 Bb7 19. Ne3 f5 20. Rae1 Qd7 21. g4 Rbe8 22. Qf2 Bc6 23. Nc2 Nxc2 24. Qxc2 fxg4 25. hxg4 e5 26. f5 Qd8 27. Re3 Qg5 28. Rh3 Rf6 29. Bf3 Ref8 30. Qh2 h6 31. Rg1 a5 32. Rgg3 Qc1+ 33. Rg1 Qg5 34. Qe2 a4 35. Qe1 Rh8 36. Rg2 Qf4 37. Qg1 Be8 38. Rgh2 Qg5 39. Rg2 Qf4 40. Bd1 Qg5 41. Bc2 Qf4 42. g5 hxg5 43. Rxh8 Kxh8 44. Rf2 gxf5 45. Rxf4 gxf4 46. Qg5 Rf8 47. exf5 Bc6+ 48. Kh2 f3 49. Qh6+ Kg8 50. Qg6+ 1-0

[Event "Varna op 7th"]
[Site "Varna"]
[Date "2013.06.20"]
[Round "2"]
[White "Bizovi, Mihai"]
[Black "Filip, Lucian Ioan"]
[Result "0-1"]
[WhiteElo "2137"]
[BlackElo "2458"]
[PlyCount "40"]
[EventDate "2013.06.19"]
[EventType "swiss"]
[EventRounds "9"]
[EventCountry "BUL"]
[SourceTitle "CBM 155 Extra"]
[Source "ChessBase"]
[SourceDate "2013.08.26"]
[SourceVersion "1"]
[SourceVersionDate "2013.08.26"]
[SourceQuality "1"]

1. d4 Nf6 2. c4 e6 3. Nc3 Bb4 4. e3 b6 5. Nge2 c5 6. a3 Ba5 7. Rb1 Na6 8. Bd2 0-0 9. Ng3 Bb7 10. b4 cxb4 11. Na2 b3 12. Rxb3 Bxd2+ 13. Qxd2 Rb8 14. f3 d5 15. Nc3 dxc4 16. Bxc4 Rc8 17. Qe2 Nb8 18. 0-0 Nc6 19. Rd1 Na5 20. Rb4 Rxc4 0-1

[Event "Kishinev Ghimpu Memorial op"]
[Site "Kishinev"]
[Date "2012.11.14"]
[Round "9"]
[White "Bizovi, Mihai"]
[Black "Golstein, Mihail"]
[Result "0-1"]
[WhiteElo "2052"]
[BlackElo "2012"]
[PlyCount "78"]
[EventDate "2012.11.09"]
[EventType "swiss"]
[EventRounds "9"]
[EventCountry "MDA"]
[SourceTitle "EXT 2014"]
[Source "ChessBase"]
[SourceDate "2013.11.20"]
[SourceVersion "1"]
[SourceVersionDate "2013.11.20"]
[SourceQuality "1"]

1. d4 d5 2. c4 e6 3. Nc3 c6 4. Nf3 Nf6 5. Bg5 Be7 6. e3 Nbd7 7. Rc1 0-0 8. Qc2 Re8 9. Bd3 h6 10. Bh4 dxc4 11. Bxc4 b5 12. Bb3 a6 13. 0-0 c5 14. a3 Bb7 15. Ne5 c4 16. Ba2 Nxe5 17. dxe5 Ng4 18. Bg3 Qc7 19. Bb1 g6 20. Ne4 Nxe5 21. Qc3 f6 22. f4 Nd7 23. f5 e5 24. fxg6 Kg7 25. Rf5 Nc5 26. Rxe5 fxe5 27. Bxe5+ Bf6 28. Bxf6+ Kg8 29. Ng3 Ne4 30. Nxe4 Bxe4 31. Qd4 Qa7 32. Qd2 Qb7 33. Rf1 Bxb1 34. e4 Qxe4 35. Qxh6 Qxg6 36. Qh8+ Kf7 37. Bh4+ Bf5 38. Qd4 Kg8 39. Rf3 Bg4 0-1

[Event "Kishinev Ghimpu Memorial op"]
[Site "Kishinev"]
[Date "2012.11.13"]
[Round "7"]
[White "Bizovi, Mihai"]
[Black "Vavric, Pavel"]
[Result "0-1"]
[WhiteElo "2052"]
[BlackElo "2213"]
[PlyCount "114"]
[EventDate "2012.11.09"]
[EventType "swiss"]
[EventRounds "9"]
[EventCountry "MDA"]
[SourceTitle "EXT 2014"]
[Source "ChessBase"]
[SourceDate "2013.11.20"]
[SourceVersion "1"]
[SourceVersionDate "2013.11.20"]
[SourceQuality "1"]

1. d4 Nf6 2. c4 g6 3. Nc3 Bg7 4. e4 d6 5. Nf3 0-0 6. Be2 c5 7. d5 e5 8. 0-0 Ne8 9. Rb1 Na6 10. Ne1 Bd7 11. a3 b6 12. b4 f5 13. Nd3 Nf6 14. f3 f4 15. bxc5 Nxc5 16. Nb5 Ne8 17. Bd2 g5 18. Nxc5 bxc5 19. Qe1 a6 20. Ba5 Qc8 21. Nc3 Bf6 22. Bd1 Bd8 23. Na4 Rb8 24. Nb6 Bxb6 25. Rxb6 Rf7 26. Rxb8 Qxb8 27. Bc2 Ng7 28. Qb1 Rf8 29. Rc1 Qa7 30. Qb6 Qxb6 31. Bxb6 Rc8 32. a4 Kf7 33. g3 Nh5 34. g4 Nf6 35. Rb1 Rb8 36. a5 Ke7 37. Kf2 Be8 38. Kg2 Nd7 39. Ba4 Nxb6 40. Bxe8 Kxe8 41. axb6 Kd8 42. h4 h6 43. h5 Kc8 44. Kf2 Kb7 45. Ke2 a5 46. Kd2 Ra8 47. Kc2 Ra6 48. Rb2 a4 49. Rb5 a3 50. Kb1 a2+ 51. Ka1 Ra3 52. Rb2 Rxf3 53. Kxa2 Re3 54. Rb5 f3 55. Ra5 Rxe4 56. Ra7+ Kxb6 57. Rd7 f2 0-1

[Event "Kishinev Ghimpu Memorial op"]
[Site "Kishinev"]
[Date "2012.11.12"]
[Round "5"]
[White "Bizovi, Mihai"]
[Black "Silantiev, Stanislav"]
[Result "1-0"]
[WhiteElo "2052"]
[BlackElo "1858"]
[PlyCount "78"]
[EventDate "2012.11.09"]
[EventType "swiss"]
[EventRounds "9"]
[EventCountry "MDA"]
[SourceTitle "EXT 2014"]
[Source "ChessBase"]
[SourceDate "2013.11.20"]
[SourceVersion "1"]
[SourceVersionDate "2013.11.20"]
[SourceQuality "1"]

1. d4 d6 2. c4 Nf6 3. Nc3 g6 4. e4 Bg7 5. Nf3 0-0 6. Be2 Nbd7 7. 0-0 e5 8. Re1 c6 9. Bf1 Re8 10. d5 cxd5 11. cxd5 a5 12. Rb1 Nc5 13. b3 Qb6 14. Nd2 Bd7 15. a3 Rec8 16. Nc4 Qc7 17. b4 axb4 18. Rxb4 b5 19. Nxb5 Bxb5 20. Rxb5 Nfxe4 21. Qc2 f5 22. Nb6 Rab8 23. Nxc8 Rxc8 24. Be3 f4 25. Bxc5 Nxc5 26. Rc1 Qd7 27. Rb6 e4 28. Rb4 Rf8 29. Rcb1 e3 30. Rb8 Bd4 31. Rxf8+ Kxf8 32. Qc4 exf2+ 33. Kh1 Qg7 34. Rb8+ Kf7 35. Qb5 Kf6 36. Qe8 Kg5 37. Qd8+ Bf6 38. Qxd6 Ne4 39. Qe6 Nd2 1-0

[Event "Kishinev Ghimpu Memorial op"]
[Site "Kishinev"]
[Date "2012.11.12"]
[Round "6"]
[White "Macovei, Andrei"]
[Black "Bizovi, Mihai"]
[Result "0-1"]
[WhiteElo "1748"]
[BlackElo "2052"]
[PlyCount "70"]
[EventDate "2012.11.09"]
[EventType "swiss"]
[EventRounds "9"]
[EventCountry "MDA"]
[SourceTitle "EXT 2014"]
[Source "ChessBase"]
[SourceDate "2013.11.20"]
[SourceVersion "1"]
[SourceVersionDate "2013.11.20"]
[SourceQuality "1"]

1. e4 c5 2. Nf3 e6 3. d4 cxd4 4. Nxd4 Nf6 5. Nc3 d6 6. Bd3 Be7 7. 0-0 0-0 8. Kh1 Nc6 9. Nb3 a6 10. f4 b5 11. a3 Bb7 12. Qe1 Qc7 13. Qg3 g6 14. Bd2 Rac8 15. Rae1 b4 16. axb4 Nxb4 17. Nd4 d5 18. e5 Nh5 19. Qf3 Nxd3 20. Qxd3 Qc4 21. g4 Ng7 22. Rf3 Bc5 23. Nce2 h5 24. h3 hxg4 25. hxg4 f5 26. exf6 Rxf6 27. b3 Qxd3 28. Rxd3 Rcf8 29. Kg2 g5 30. Kg3 Bd6 31. Rf3 gxf4+ 32. Rxf4 Rxf4 33. Bxf4 e5 34. Kf3 exd4 35. Kg3 Bb4 0-1

[Event "Arad op"]
[Site "Arad"]
[Date "2012.07.27"]
[Round "8"]
[White "Bizovi, Mihai"]
[Black "Restas, Peter"]
[Result "1-0"]
[WhiteElo "2044"]
[BlackElo "2246"]
[PlyCount "69"]
[EventDate "2012.07.27"]
[EventType "swiss"]
[EventRounds "9"]
[EventCountry "ROU"]
[SourceTitle "CBM 149 Extra"]
[Source "ChessBase"]
[SourceDate "2012.08.24"]
[SourceVersion "1"]
[SourceVersionDate "2012.08.24"]
[SourceQuality "1"]

1. d4 c5 2. d5 e6 3. c4 exd5 4. cxd5 d6 5. Nc3 g6 6. Nf3 a6 7. a4 Nd7 8. Bf4 Ngf6 9. e4 Qe7 10. Bd3 Bg7 11. 0-0 Ng4 12. Bg5 f6 13. Bh4 0-0 14. Nd2 Nde5 15. Be2 g5 16. Bg3 f5 17. exf5 Bxf5 18. h3 Nf6 19. Nf3 Nfd7 20. Re1 Qf7 21. Nxg5 Qg6 22. Ne6 Bxe6 23. dxe6 Qxe6 24. Bg4 Qg6 25. Bxd7 Nxd7 26. Qxd6 Bd4 27. Qxg6+ hxg6 28. Re7 Rf7 29. Rae1 Nf6 30. a5 Nh5 31. Rxf7 Kxf7 32. Bd6 Re8 33. Rxe8 Kxe8 34. Na4 c4 35. Bc5 1-0

[Event "Satu Mare op 2nd"]
[Site "Satu Mare"]
[Date "2011.07.18"]
[Round "5"]
[White "Bizovi, Mihai"]
[Black "Dobre, Claudiu Cristian"]
[Result "0-1"]
[WhiteElo "1993"]
[BlackElo "2353"]
[PlyCount "92"]
[EventDate "2011.07.15"]
[EventType "swiss"]
[EventRounds "9"]
[EventCountry "ROU"]
[SourceTitle "CBM 143 Extra"]
[Source "ChessBase"]
[SourceDate "2011.08.29"]
[SourceVersion "1"]
[SourceVersionDate "2011.08.29"]
[SourceQuality "1"]

1. d4 c6 2. c4 Nf6 3. Nf3 d5 4. Nc3 e6 5. Bg5 dxc4 6. e4 b5 7. e5 h6 8. Bh4 g5 9. Nxg5 hxg5 10. Bxg5 Nbd7 11. g3 Rg8 12. h4 Rxg5 13. hxg5 Nd5 14. g6 fxg6 15. Qg4 Qe7 16. Bg2 Qf7 17. Be4 Ne7 18. Nxb5 cxb5 19. Bxa8 Nb6 20. Be4 Bd7 21. Rh8 Bc6 22. f3 Na4 23. b3 Nb2 24. bxc4 Nxc4 25. Ke2 Bxe4 26. fxe4 Nc6 27. Rd1 Nb2 28. d5 Nxe5 29. Qxe6+ Qxe6 30. dxe6 Nxd1 31. Kxd1 Ke7 32. Kc2 Nc6 33. Rg8 Nd4+ 34. Kd3 Nxe6 35. Rxg6 Bg7 36. Rg4 a5 37. Rh4 Kd6 38. Rh1 Nc5+ 39. Ke3 b4 40. g4 a4 41. Rb1 b3 42. Rd1+ Kc6 43. axb3 a3 44. b4 Ne6 45. Rc1+ Kb5 46. Rc2 Bb2 0-1

[Event "Eforie Nord op 3rd"]
[Site "Eforie Nord"]
[Date "2011.06.25"]
[Round "6"]
[White "Bizovi, Mihai"]
[Black "Maksimov, Oleg"]
[Result "1/2-1/2"]
[WhiteElo "1979"]
[BlackElo "2333"]
[PlyCount "69"]
[EventDate "2011.06.20"]
[EventType "swiss"]
[EventRounds "11"]
[EventCountry "ROU"]
[SourceTitle "CBM 143 Extra"]
[Source "ChessBase"]
[SourceDate "2011.08.29"]
[SourceVersion "1"]
[SourceVersionDate "2011.08.29"]
[SourceQuality "1"]

1. d4 Nf6 2. c4 d6 3. Nf3 g6 4. Nc3 Bg7 5. e4 0-0 6. Be2 Nbd7 7. 0-0 c5 8. d5 a6 9. a4 Ne8 10. Bg5 Nc7 11. Qd2 Re8 12. h3 Rb8 13. Kh1 Bf6 14. Rad1 Nf8 15. e5 Bxg5 16. Qxg5 f6 17. exf6 exf6 18. Qf4 g5 19. Qd2 Bf5 20. Bd3 Qd7 21. Bxf5 Qxf5 22. Qd3 Qxd3 23. Rxd3 b5 24. Nd2 Red8 25. axb5 axb5 26. Nce4 Ne8 27. f4 h6 28. fxg5 fxg5 29. Nf6+ Nxf6 30. Rxf6 Kg7 31. Rdf3 Rd7 32. cxb5 Ng6 33. Nc4 Ne5 34. Nxe5 dxe5 35. Rc6 1/2-1/2

[Event "EU-ch U12"]
[Site "Herceg Novi"]
[Date "2006.09.18"]
[Round "8"]
[White "Bizovi, Mihai"]
[Black "Emiroglu, Cankut"]
[Result "0-1"]
[WhiteElo "1760"]
[BlackElo "2019"]
[PlyCount "64"]
[EventDate "2006.09.10"]
[EventType "swiss"]
[EventRounds "9"]
[EventCountry "MNE"]
[SourceTitle "CBM 114 Extra"]
[Source "ChessBase"]
[SourceDate "2006.11.03"]
[SourceVersion "1"]
[SourceVersionDate "2006.11.03"]
[SourceQuality "1"]

1. e4 c5 2. Nf3 Nc6 3. Bb5 g6 4. c3 Nf6 5. e5 Nd5 6. 0-0 Nc7 7. Bc4 b5 8. Be2 c4 9. d4 cxd3 10. Bxd3 Bg7 11. Bf4 0-0 12. Nbd2 b4 13. Ne4 bxc3 14. bxc3 Ne6 15. Bg3 Qa5 16. Rb1 a6 17. Bc4 Nc7 18. Re1 Nxe5 19. Nxe5 Bxe5 20. Ng5 Bxg3 21. Nxf7 Bxf2+ 22. Kh1 Bxe1 23. Qd4 Rxf7 24. Bxf7+ Kxf7 25. Rxe1 Qf5 26. Qc4+ Ne6 27. Rf1 Rb8 28. Rxf5+ gxf5 29. h3 Rb1+ 30. Kh2 Bb7 31. Qe2 Kf6 32. Qf2 Be4 0-1